000
00323nam a22001457a 4500
003
SGT
020
_a
9789387210325
082
_a
617.645
_b
C18N
100
_a
Newburn, E.
245
_a
Cariology
260
_b
Medtech, Scientific International
_c
2018
300
_a
389
650
_a
Pediatric Dentistry
942
_2
ddc
_c
BK
999
_c
26811
_d
26811